Seguridad social : Documentos
Guardado en:
| Formato: | Seriadas |
|---|---|
| Idioma: | Spanish |
| Publicado: |
Madrid :
Fundación Fondo para la Investigación Económica y Social., Obra Social de la Confederación Española de Cajas de Ahorros
1980 :
|
| Materias: | |
| Etiquetas: |
Agregar Etiqueta
Sin Etiquetas, Sea el primero en etiquetar este registro!
|
| LEADER | 00503nas a22001335a 4500 | ||
|---|---|---|---|
| 001 | DER.der003305 | ||
| 005 | 20070131000000.0 | ||
| 008 | 180615s1980####||||||||||||||||||||spa|| | ||
| 245 | 1 | 0 | |a Seguridad social : |b Documentos |
| 260 | |a Madrid : |b Fundación Fondo para la Investigación Económica y Social., |c 1980 : |b Obra Social de la Confederación Española de Cajas de Ahorros | ||
| 300 | 0 | |a 166 p. | |
| 500 | 0 | |a Papeles de Economía Española | |
| 653 | |a SEGURIDAD SOCIAL | ||
| 859 | |a DERECHO |b BIB. DERECHO |h 344.02 |i SEG |p 005116 | ||
